Paroles - A l'horizontale - Keen V - Statistiques

Statistiques générales
  • Ce quiz a été pris 21 fois
  • Le résultat moyen est 316 sur 495
Statistiques - réponses
Réponse % Correct
à
94%
a
94%
le
94%
Le
94%
on
94%
On
94%
quand
94%
dans
89%
du
89%
Je
89%
je
89%
ma
89%
maximum
89%
me
89%
tu
89%
ce
83%
danse
83%
de
83%
donne
83%
en
83%
En
83%
et
83%
Et
83%
Gal
83%
j'ai
83%
J'ai
83%
la-
83%
la
83%
l'horizontale
83%
ta
83%
C'est
78%
dit
78%
Elle
78%
elle
78%
ensemble
78%
j'te
78%
kiff
78%
les
78%
Oh
78%
que
78%
se
78%
te
78%
un
78%
une
78%
avec
72%
beauté
72%
bien
72%
comme
72%
élégance
72%
fais
72%
fatale
72%
fille
72%
J'aime
72%
jusqu'au
72%
lui
72%
mes
72%
personne
72%
pour
72%
soir
72%
succombé
72%
summum
72%
t'aimes
72%
tout
72%
des
67%
évidence
67%
jolie
67%
x4 Kee-
67%
Keen'V
67%
mal
67%
noir
67%
part
67%
qu'elle
67%
va
67%
veut
67%
boire
61%
corps
61%
faire
61%
faisant
61%
jeune
61%
l'ambiance
61%
Mais
61%
mais
61%
ok
61%
parti
61%
pas
61%
pourquoi
61%
proposition
61%
qui ?
61%
refuses
61%
repère
61%
samedi
61%
s'donne
61%
voir
61%
bambous
56%
conditions
56%
Es
56%
gros
56%
j'lui
56%
J'lui
56%
m'dis
56%
moi
56%
Moi
56%
ses
56%
son
56%
alors
50%
Alors
50%
coup
50%
doux
50%
finir
50%
j'mets
50%
nos
50%
tes
50%
t'faire
50%
ton
50%
veux
50%
ai
44%
atouts
44%
au
44%
bon
44%
ça
44%
coeurs
44%
d'elle
44%
d'être
44%
deux
44%
entre
44%
mon
44%
positions
44%
s'connait
44%
s'emballent
44%
sex
44%
censuré
39%
clip
39%
jambes
39%
jouer
39%
langue
39%
m'approche
39%
mic
39%
opposition ?
39%
partout
39%
peut
39%
répond
39%
si
39%
sous
39%
the
39%
Viens
39%
appeal
33%
boule
33%
cette
33%
comprendre
33%
demoiselle
33%
groove
33%
kiffe
33%
Ne
33%
n'veut
33%
plastique
33%
protèges
33%
qu'on
33%
seulement
33%
sexe
33%
sexy
33%
vouloir
33%
aussi
28%
bougé
28%
cambre
28%
dire
28%
d'mes
28%
envie
28%
intimité
28%
J'en
28%
lady
28%
lèvres
28%
nique
28%
n'veux
28%
passe
28%
pendent
28%
plaît
28%
plastiques
28%
pratique
28%
précise
28%
qu'j'te
28%
rapplique
28%
sais
28%
sensuelle
28%
serait
28%
s'te
28%
style
28%
sûre
28%
versatile
28%
coquin
22%
déjà
22%
déxtérité
22%
jeux
22%
minimise
22%
moove
22%
n'est
22%
n'fait
22%
odeur
22%
pénétrer
22%
qu'tu
22%
rassurer
22%
saisi
22%
tactiles
22%
tant
22%
tester
22%
totale
22%
assurait
17%
attends
17%
Barry
17%
booster
17%
câlin
17%
concerne
17%
c'qui
17%
d'zik
17%
Faut
17%
fond
17%
j'admire
17%
l'excès
17%
Lorsque
17%
Lorsqu'elle
17%
pousses
17%
rien
17%
timidité
17%
vider
17%
White
17%
affiches
11%
x5 Check
11%
d'timinik
11%
hummm
11%
nudité
11%
out
11%
preuve
11%
s'lâcher
11%
it
6%
demance
0%
Aucun quiz correspondant
Distribution des résultats
% des personnes avec chaque résultat
Percentile par nombre de réponses
Votre historique - résultats
Vous n’avez pas pris ce quiz